| 000 | 00730nam a22002297a 4500 | ||
|---|---|---|---|
| 001 | 74772 | ||
| 003 | BD-RjUL | ||
| 005 | 20211209082610.0 | ||
| 008 | 181203s1964 e a|||| |||| 00| 0 eng d | ||
| 035 | _a(BD-RjUL) | ||
| 040 |
_aBD-RjUL _beng _cBD-RjUL |
||
| 041 | _aeng | ||
| 082 |
_223 _a580 _bNEP 1964 |
||
| 100 | 1 | _4 Newcomb, Eldon H | |
| 245 | 1 | 0 |
_aPlants in perspective :alaboratory manual of modern biology / _cEldon H Newcomb , Gerald c. Gerloff and William F. Whittingham |
| 260 |
_aSan Francisco , London : _bW.h. Freeman and co., _c1964 |
||
| 300 |
_a218 P. : _bill. ; _c28 cm |
||
| 650 |
_aBiology _9225529 |
||
| 700 |
_aGerloff, Gerald C. _9225530 |
||
| 700 |
_aWhittingham, William F. _9225532 |
||
| 942 |
_2ddc _cBK |
||
| 999 |
_c74772 _d74772 |
||